Daňová strata a jej odpočet od základu dane právnických osôb s príkladmi

Rozdiel medzi daňovou stratou vykázanou podľa zákona o daniach z príjmov a daňovou stratou umorovania podľa zákona o daniach z príjmov. Pravidlá pre umorovanie daňovej straty. Daňovníci, na ktorých sa nevzťahuje možnosť odpočítania daňovej straty.

Salvato in:
Dettagli Bibliografici
Autore principale: Luknárová - Kutišová, Dalila
Natura: Capitolo di libro
Lingua:slovacco
Soggetti:
Tags: Aggiungi Tag
Nessun Tag, puoi essere il primo ad aggiungerne!!

MARC

LEADER 00000naa a2200000 4500
001 r044614
005 20230927065949.4
041 0 |a slo 
044 |a SK 
245 1 0 |a Daňová strata a jej odpočet od základu dane právnických osôb s príkladmi  |c Dalila Luknárová 
520 |a Rozdiel medzi daňovou stratou vykázanou podľa zákona o daniach z príjmov a daňovou stratou umorovania podľa zákona o daniach z príjmov. Pravidlá pre umorovanie daňovej straty. Daňovníci, na ktorých sa nevzťahuje možnosť odpočítania daňovej straty. 
610 2 0 |a strata daňová 
610 2 0 |a odpočet straty 
610 2 0 |a základ dane 
610 2 0 |a obdobie zdaňovacie 
610 2 0 |a dane z príjmov 
610 2 0 |a osoby právnické 
100 1 |a Luknárová - Kutišová, Dalila